Statistics for Pyongyang (FNJ) Airport Destinations

Click here to take the quiz!

General Stats

  • This quiz has been taken 30 times
  • The average score is 3 of 7

Answer Stats

HintAnswer% Correct
Air China, Air KoryoBeijing (Capital)
100%
Air KoryoVladivostok
55%
Air KoryoMacau
31%
Air KoryoShenyang
28%
Air KoryoWonsan
24%
Air KoryoChongjin
14%
Air KoryoSamjiyon
7%

Score Distribution

Percentile by Number Answered

Percent of People with Each Score

Your Score History

You have not taken this quiz